00520nam a2200157 i 4500001000300000100002300003245008700026260002100113040000800134041000800142942000700150008004100157999001700198856009800215952004900313bg1 aRÓŻAŃSKI, L. 0aPrzemiany pestycydów w organizmach żywych i środowisku /cL. Różański. aWarszawa,c1992. cBPK apol cKS s pl f |000 0 pol  c29728d29728 uhttp://koha.tu.koszalin.pl/cgi-bin/koha/opac-detail.pl?biblionumber=29728yKatalog online BPK 00104070aBPKbBPKcwo36037p01326390yKS